| 000 | 00823nam a2200241Ia 4500 | ||
|---|---|---|---|
| 020 | _a9291371653 | ||
| 040 | _cEMU | ||
| 082 | _a382 COM 2000 A076 Or. | ||
| 100 | 1 | _aRiddle, Dorothy I | |
| 245 | 1 | 0 | _aBusiness guide to the General Agreement on Trade in Services / |
| 250 | _aRev. ed | ||
| 260 |
_aGeneva : _bInternational Trade Centre ; _aLondon : _bCommonwealth Secretariat, _c2000 |
||
| 300 |
_axiii, 263 p. ; _c21 cm |
||
| 500 | _aAuthor statement from p. v | ||
| 500 | _a"ITC/P68.E/PMD/TSU/00-XII"--T.p. verso | ||
| 500 | _aIncludes texts of the 1994 General Agreement on Trade in Services and its protocols | ||
| 650 | 0 | _aService industries | |
| 650 | 0 | _aInternational trade | |
| 650 | 0 | _aFree trade | |
| 710 | 2 | _aInternational Trade Centre UNCTAD/WTO | |
| 710 | 2 | _aCommonwealth Secretariat | |
| 942 | _cEK | ||
| 999 |
_c15404 _d15404 |
||